Effect of scion on root growth, cation exchange capacity of roots and mineral uptake in Hevea brasiliensis (Record no. 58105)

MARC details
000 -LEADER
fixed length control field 00423nam a2200133Ia 4500
100 ## - MAIN ENTRY--AUTHOR NAME
Personal name Sobhana P
245 #0 - TITLE STATEMENT
Title Effect of scion on root growth, cation exchange capacity of roots and mineral uptake in Hevea brasiliensis
260 ## - PUBLICATION, DISTRIBUTION, ETC. (IMPRINT)
Name of publisher International Rubber Conference India, 1980
Year of publication 1980
700 ## - ADDED ENTRY--PERSONAL NAME
Personal name George M J
700 ## - ADDED ENTRY--PERSONAL NAME
Personal name Nair N U
700 ## - ADDED ENTRY--PERSONAL NAME
Personal name Sethuraj M R
942 ## - ADDED ENTRY ELEMENTS (KOHA)
Koha item type Journals
Holdings
Withdrawn status Lost status Damaged status Not for loan Home library Current library Shelving location Date acquired Koha item type
      Journals RRII Library RRII Library Physiology 17/12/2021 Journals